Municipis de la comarca del Pallars Jussà (Catalunya) - Statistics

General Stats
  • This quiz has been taken 258 times
  • The average score is 8 of 14
Answer Stats
Hint Answer % Correct
T Tremp
100%
P La Pobla de segur
79%
T Talarn
73%
IC Isona i Conca Dellà
64%
S Salàs de Pallars
63%
S Senterada
60%
A Abella de la Conca
58%
L Llimiana
57%
C Conca de Dalt
53%
T La Torre de Cabdella
51%
C Castell de Mur
47%
S Sarroca de Bellera
47%
G Gavet de la Conca
46%
S Sant Esteve de la Sarga
44%
No matching quizzes found
Score Distribution
Percent of People with Each Score
Percentile by Number Answered
Your Score History
You have not taken this quiz